Pahlawan Tuk Merah

Bibliographic Details
Main Author: Muhamad Sidek Said
Format: Book
Published: Petaling Jaya : Delta , 1990
Subjects:

MARC

LEADER 00000cam a2200000 7i4500
001 0000009807
002 000010678
005 20000330.0
020 |a 9676710687 
090 0 0 |a JF   |b MUH 
100 0 |a Muhamad Sidek Said 
245 1 0 |a Pahlawan Tuk Merah   |c Muhamad Sidek Said 
260 |a Petaling Jaya :   |b Delta ,   |c 1990 
300 |a 115 p. ;   |c 21 cm. 
650 0 0 |a Children's stories, Malay 
999 |a 017184   |b BUKU   |c PINJAMAN   |e PERPUSTAKAAN KOMUNITI PETALING JAYA